| 000 | 00542cam a2200193Ia 4500 | ||
|---|---|---|---|
| 020 | _a0834802295 (pbk.) | ||
| 020 | _a9780834802292 (pbk.) | ||
| 040 | _cHVC | ||
| 082 | 0 | 4 | _a929 WEA 1990 A100 Or. |
| 100 | 1 | _aDower, John W. | |
| 245 | 1 | 4 |
_aThe elements of Japanese design : _ba handbook of family crests, heraldry & symbolism / |
| 250 | _a1st pbk. ed. | ||
| 260 |
_aNew York : _bWeatherhill, _c1990. |
||
| 300 |
_axi, 170 p. : _bill. ; _c26 cm. |
||
| 650 | 0 | _aCrests | |
| 650 | 0 | _aHeraldry | |
| 700 | 1 | _aKawamoto, Kiyoshi, | |
| 942 | _cEK | ||
| 999 |
_c11910 _d11910 |
||